| 000 | 00819nam a2200253Ia 4500 | ||
|---|---|---|---|
| 003 | OSt | ||
| 005 | 20221005112415.0 | ||
| 006 | a|||||r|||| 00| 0 | ||
| 007 | ta | ||
| 008 | 221004b |||||||| |||| 00| 0 pan d | ||
| 020 |
_a9789350178911 (hbk) _c250 |
||
| 024 | _a5561 | ||
| 037 |
_b710, 26/06/2013, H.K. Prakashan _cTextual |
||
| 040 |
_aCRL _cCRL _bpan |
||
| 041 |
_2pan _apan |
||
| 082 | _aU8, 153Q2 | ||
| 100 | _aਸੁਲੱਖਣ ਸਰਹੱਦੀ | ||
| 245 | 0 | _aਹੁਗਲੀ ਤੋ੍ਵ ਅਟਕ ਪਾਰ | |
| 260 |
_aਚੰਡਾਗੜ _bਲੋਕਗੀਤ ਭਾਰਤ _c2012 |
||
| 300 |
_a224ਪੰ _ccm. |
||
| 650 | _aਭੂਗੋਲ | ||
| 942 |
_hU8, 153Q2 _cTEXL _2cc |
||
| 999 |
_c1024793 _d1024793 |
||